=LDR 00000nam 2200000 4500 =001 INLIS000000000018550 =005 20130612113724 =008 ***********************************Ind** =035 ##$$0010-061300000018550 =041 ##$$a Ind =082 ##$$a 343.04 =090 ##$$a 343.04, Ind p =100 ##$$a Indonesia.Undang-Undang dan Peraturan =245 ##$$a Peraturan perpajakan di Indonesia edisi lengkap, dihimpun oleh Drs. Amin Widjaya Tunggal AK.MBA =260 ##$$a 1995 $b Jakarta =300 ##$$a xii, 667 hlm, 21 cm =650 ##$$a Pajak-Undang-Undang =850 ##$$a NBPNMAT